আওলিয়া দরবেশ / (Record no. 38305)
[ view plain ]
| 000 -LEADER | |
|---|---|
| fixed length control field | 00690nam a22002057a 4500 |
| 001 - CONTROL NUMBER | |
| control field | 38305 |
| 003 - CONTROL NUMBER IDENTIFIER | |
| rucl marc code | BD-RjUL |
| 005 - DATE AND TIME OF LATEST TRANSACTION | |
| control field | 20211209052752.0 |
| 008 - FIXED-LENGTH DATA ELEMENTS--GENERAL INFORMATION | |
| fixed length control field | 151102s1965 bg ||||| |||| 00| 0 ben d |
| 035 ## - SYSTEM CONTROL NUMBER | |
| System control number | (BD-RjUL)38410 |
| 040 ## - CATALOGING SOURCE | |
| Original cataloging agency | BD-RjUL |
| Language of cataloging | ben |
| Transcribing agency | BD-RjUL |
| 041 ## - LANGUAGE CODE | |
| Language code of text/sound track or separate title | ben |
| 082 ## - DEWEY DECIMAL CLASSIFICATION NUMBER | |
| Classification number | 297.650922 |
| 100 ## - MAIN ENTRY--PERSONAL NAME | |
| Personal name | হোসেন, কাজী আবুল |
| 9 (RLIN) | 118405 |
| 245 ## - TITLE STATEMENT | |
| Title | আওলিয়া দরবেশ / |
| Statement of responsibility, etc. | কাজী আবুল হোসেন |
| 260 ## - PUBLICATION, DISTRIBUTION, ETC. (IMPRINT) | |
| Place of publication, distribution, etc. | ঢাকা : |
| Name of publisher, distributor, etc. | ওসমানিয়া বুক ডিপো, |
| Date of publication, distribution, etc. | ১৯৬১ |
| 300 ## - PHYSICAL DESCRIPTION | |
| Pagination | ২৭৯ পৃ. ; |
| Size | ২১ সেমি. |
| 650 ## - SUBJECT ADDED ENTRY--TOPICAL TERM | |
| Topical term or geographic name as entry element | Muslim saints |
| Geographic subdivision | Bangladesh. |
| 9 (RLIN) | 118406 |
| 942 ## - ADDED ENTRY ELEMENTS (KOHA) | |
| Source of classification or shelving scheme | Dewey Decimal Classification |
| Koha item type | Books |
| Lost status | Source of classification or shelving scheme | Damaged status | Not for loan | Permanent Location | Current Location | Shelving location | Date acquired | Source of acquisition | Cost, normal purchase price | Total Checkouts | Full call number | Date last seen | Date checked out | Copy number | Koha item type | Collection code |
|---|---|---|---|---|---|---|---|---|---|---|---|---|---|---|---|---|
| Dewey Decimal Classification | Central Library, University of Rajshahi | Central Library, University of Rajshahi | 27/02/1967 | Farooque library, Rajshahi | 450.00 | 1 | B 297.650922 HOA 1961 | 21/11/2015 | 04/11/2015 | C-2 | Books | |||||
| Dewey Decimal Classification | Central Library, University of Rajshahi | Central Library, University of Rajshahi | 26/01/1965 | Dhaka, Ideal library | 4.50 | B 297.650922 HOA 1961 | 19/07/2016 | C-3 | Books | Non-fiction |